00608nam a2200145Ia 4500008004100000020001800041100002100059245006900080260002700149650011400176650002200290856004100312999001900353952009000372171212s9999 xx 000 0 und d a9780833045775 aLowell, Julia F. cLowell, Julia F.aState Arts PolicybTrends and Future Prospects bRAND Corporationc2008 aGovernment aid to the arts -- United States; Art commissions -- United States; U.S. states -- Cultural policy aPolitical Science uwww.jstor.org/stable/10.7249/mg817wf c352561d352561 001040aCLbCLd2017-12-12l0oNX740.L683 2008r2017-12-12 00:00:00w2017-12-12yCBE